Oxford dictionary for writers and editors (Record no. 465)

MARC details
000 -LEADER
fixed length control field 00354nam a2200133Ia 4500
020 ## - INTERNATIONAL STANDARD BOOK NUMBER
ISBN 0-19-212970-8
082 ## - DEWEY DECIMAL CLASSIFICATION NUMBER
Classification number RR 423 OXF-
100 ## - MAIN ENTRY--AUTHOR NAME
Personal name Oxford Dictionary Department/;
245 #0 - TITLE STATEMENT
Title Oxford dictionary for writers and editors
260 ## - PUBLICATION, DISTRIBUTION, ETC. (IMPRINT)
Place of publication Oxford
Name of publisher Clarendon Press
Year of publication 1981
300 ## - PHYSICAL DESCRIPTION
Number of Pages xiv, 448p.
650 ## - SUBJECT ADDED ENTRY--TOPICAL TERM
Topical Term English language - Dictionaries
942 ## - ADDED ENTRY ELEMENTS (KOHA)
Koha item type Books
Holdings
Withdrawn status Lost status Damaged status Not for loan Home library Current library Date acquired Bill Date Full call number Accession Number Price effective from Koha item type
        NASSDOC Library NASSDOC Library 08/06/2004 2004-10-22 RR 423 OXF- 14755 18/04/2019 Books